000 00484nam a22001457a 4500
999 _c8000
_d7998
005 20220329175811.0
008 220329b ||||| |||| 00| 0 eng d
022 _a978-81-93198-0-0
100 _aBAR CONUCIL OF INDIA TRUST
_97278
245 _aINDIAN BAR REVIEW [VOL-46] ( 4 ) 2019: Special issue on legal education continuing legal education and clinical legal education
260 _aNEW DELHI
_bBAR COUNCIL OF INDIA
_c2019
300 _a524;p
650 _aLAW
_95701
942 _cJRL